| 000 | 00800nam a2200241 i 4500 | ||
|---|---|---|---|
| 001 | 87201 | ||
| 003 | ES-MaACL | ||
| 005 | 20250804062601.0 | ||
| 007 | t| | ||
| 008 | 041220s1973 sp ||||1| spa d | ||
| 020 | _a84-206-1545-5 | ||
| 100 | 1 |
_aKoestler, Arthur, _d1905-1983 _968460 |
|
| 245 | 1 | 3 |
_aLa escritura invisible _b: [1936-1940] / _cArthur Koestler ; [traductor, Alberto Luis Bixio]. |
| 260 |
_aMadrid : _bAlianza, _c[1973] |
||
| 300 |
_a199 p. ; _c18 cm. |
||
| 490 | 1 |
_aEl libro de bolsillo. Humanidades ; _v545 |
|
| 490 | 1 |
_aAutobiografía ; _v5 |
|
| 700 | 1 |
_aBixio, Alberto Luis. _929037 |
|
| 830 | 0 | 3 |
_aEl libro de bolsillo. _pHumanidades _v545 _9178672 |
| 830 | 0 |
_aAutobiografía ; _v5 _9231776 |
|
| 852 |
_aES-MaACL _jL-10731 _bR.112563 |
||
| 999 |
_c87201 _d87201 |
||